[Event "SLO-chT3 West"]
[Site "Otocec"]
[Date "2016.11.25"]
[Round "1"]
[White "Gracner, Alojz"]
[Black "Vrcon, Damijan"]
[Result "0-1"]
[WhiteElo "1688"]
[BlackElo "2197"]
[PlyCount "28"]
[EventDate "2016.11.25"]
[EventType "team-tourn"]
[EventRounds "5"]
[EventCountry "SLO"]
[SourceTitle "EXT 2022"]
[Source "ChessBase"]
[SourceDate "2021.10.06"]
[SourceVersion "1"]
[SourceVersionDate "2021.10.06"]
[SourceQuality "1"]

1. Nf3 g6 2. e4 c5 3. Nc3 Bg7 4. d4 cxd4 5. Nxd4 Nc6 6. Be3 Nf6 7. Nxc6 bxc6 8. Be2 0-0 9. 0-0 d6 10. Rb1 a5 11. a3 a4 12. Qd2 Qa5 13. Nd5 cxd5 14. Qxa5 Rxa5 0-1